000 00327nam a2200109Ia 4500
008 200302s9999 xx 000 0 und d
100 _aSteve Womersley (Ed.)
245 _aThe Master Architect Series V- Urban Design Group/Inc (Selected & Current Works)
260 _bImages Publishing, Austraila
260 _c2003
300 _a256
999 _c4524
_d4524